| 000 | 01040nam a2200349Ia 4500 | ||
|---|---|---|---|
| 003 | OSt | ||
| 005 | 20220912145026.0 | ||
| 006 | a|||||r|||| 00| 0 | ||
| 007 | ta | ||
| 008 | 220909b |||||||| |||| 00| 0 eng d | ||
| 020 | _a9780808923329 (pbk) | ||
| 024 | _a118005 | ||
| 037 | _b2143, 06/01/2011, Educational Book Agency (India) | ||
| 037 | _cTextbook | ||
| 040 |
_aCSL _beng _cCSL |
||
| 041 | _aeng | ||
| 082 | _aL:4:56, N6;P6;5-;6 TK | ||
| 100 | _aMale David | ||
| 245 | 0 | _aImmunology | |
| 250 | _a7 | ||
| 260 |
_aPhiladelphia _bElsevier _c2006 |
||
| 300 |
_ax, 552p. _ccm. |
||
| 500 | _aAppendices 507-526p.; Glossary 527-552p. | ||
| 650 | _a Immunology | ||
| 650 | _aZoology | ||
| 700 | _a Brostoff Jonathan | ||
| 700 | _a Roitt Ivan | ||
| 700 | _a Roth David B | ||
| 942 |
_hL:4:56, N6;P6;5-;6 TK _cTB _2CC |
||
| 999 |
_c21217 _d21217 |
||